[Event "10. University wch femenino"]
[Site "Novokuznetsk RUS"]
[Date "2008.03.11"]
[Round "9.26"]
[White "Hemmatizadeh, Nina"]
[Black "Coelho, Tatiane Cristina"]
[Result "1/2-1/2"]
[WhiteElo "1915"]
[BlackElo "1799"]
[PlyCount "85"]
[EventDate "2008.03.03"]
[EventType "swiss"]
[EventRounds "9"]
[EventCountry "RUS"]
[Source "lmi"]
[SourceDate "2008.03.03"]

1. c4 e6 2. Nc3 Nf6 3. d4 d5 4. cxd5 exd5 5. Bg5 Be7 6. e3 Bf5 7. Bxf6 Bxf6 8.
Qb3 c6 9. Qxb7 O-O 10. Nf3 Bc8 11. Qxa8 Qb6 12. Nxd5 Qxb2 13. Rd1 cxd5 14. Qxd5
Qc3+ 15. Nd2 Be6 16. Qb7 Nc6 17. Be2 Rb8 18. Qc7 Bd8 19. Qd6 Be7 20. Qf4 Rb2
21. Qe4 Nb4 22. d5 Nxd5 23. Qa4 Nf6 24. Qxa7 Bf8 25. Qd4 Nd5 26. Qd3 Bb4 27.
O-O Qxd3 28. Bxd3 Bxd2 29. Rb1 Rxb1 30. Rxb1 g6 31. Rd1 Ba5 32. Rb1 Nb4 33. Be4
Nxa2 34. Ra1 Bc3 35. Rd1 Bf6 36. Rd6 Nc3 37. Bd3 Be7 38. Rc6 Nd5 39. Ra6 Nb4
40. Ra8+ Kg7 41. Bb5 Nd5 42. Bc6 Nf6 43. Ra7 1/2-1/2

[Event "10. University wch masculino"]
[Site "Novokuznetsk RUS"]
[Date "2008.03.03"]
[Round "1.2"]
[White "Smirnov, Pavel"]
[Black "Vuilleumier, Alexandre"]
[Result "1-0"]
[WhiteElo "2599"]
[BlackElo "2285"]
[PlyCount "63"]
[EventDate "2008.03.03"]
[EventType "swiss"]
[EventRounds "9"]
[EventCountry "RUS"]
[Source "lmi"]
[SourceDate "2008.03.03"]

1. e4 c5 2. Nf3 d6 3. d4 cxd4 4. Nxd4 Nf6 5. Nc3 a6 6. Be3 e5 7. Nb3 Be6 8. f3
Be7 9. Qd2 O-O 10. O-O-O Nbd7 11. g4 Nb6 12. h4 Rc8 13. h5 d5 14. g5 d4 15.
gxf6 Bxf6 16. Nxd4 exd4 17. Bxd4 Nc4 18. Bxc4 Rxc4 19. Bxf6 Qxf6 20. f4 b5 21.
f5 b4 22. Ne2 Bc8 23. Qd5 Rc7 24. Qd6 Qg5+ 25. Kb1 Rd7 26. Qxb4 Rxd1+ 27. Rxd1
Qg4 28. Nc3 Qxh5 29. f6 gxf6 30. Rg1+ Bg4 31. Nd5 Kg7 32. Qe7 1-0

[Event "10. University wch masculino"]
[Site "Novokuznetsk RUS"]
[Date "2008.03.03"]
[Round "1.3"]
[White "Van Eijk, Sander"]
[Black "Lysyj, Igor"]
[Result "0-1"]
[WhiteElo "2283"]
[BlackElo "2593"]
[PlyCount "88"]
[EventDate "2008.03.03"]
[EventType "swiss"]
[EventRounds "9"]
[EventCountry "RUS"]
[Source "lmi"]
[SourceDate "2008.03.03"]

1. e4 e6 2. d4 d5 3. Nd2 c5 4. Ngf3 cxd4 5. exd5 Qxd5 6. Bc4 Qd8 7. O-O a6 8.
Nb3 Nc6 9. Re1 Bb4 10. Bd2 Bd6 11. Bg5 Qc7 12. Nbxd4 Nge7 13. h3 h6 14. Be3 O-O
15. Nxc6 Nxc6 16. Qe2 Re8 17. Rad1 b5 18. Bd3 Bb7 19. c3 Rad8 20. Bb1 f5 21. a3
Bc8 22. c4 b4 23. c5 Bf8 24. axb4 Nxb4 25. Qc4 Nd5 26. Bd4 Bb7 27. Ne5 a5 28.
Bc2 Nb4 29. Ba4 Bd5 30. Qc3 Re7 31. Qg3 Be4 32. Ng6 Qxg3 33. Nxe7+ Bxe7 34.
fxg3 Rxd4 35. Rxd4 Bxc5 36. Kh2 Bxd4 37. Rc1 Bxb2 38. Rc5 Bd5 39. Rxa5 Be5 40.
Rb5 Na2 41. Bc2 Nc3 42. Ra5 Ne4 43. h4 Bxg3+ 44. Kh3 Bc7 0-1

[Event "10. University wch masculino"]
[Site "Novokuznetsk RUS"]
[Date "2008.03.03"]
[Round "1.4"]
[White "Maletin, Pavel"]
[Black "Van Assendelft, Floris"]
[Result "1-0"]
[WhiteElo "2573"]
[BlackElo "2282"]
[PlyCount "81"]
[EventDate "2008.03.03"]
[EventType "swiss"]
[EventRounds "9"]
[EventCountry "RUS"]
[Source "lmi"]
[SourceDate "2008.03.03"]

1. d4 Nf6 2. c4 c5 3. Nf3 cxd4 4. Nxd4 b6 5. Nc3 Bb7 6. f3 a6 7. e4 Qc7 8. Be3
e6 9. Qd2 Be7 10. Rc1 d6 11. Be2 O-O 12. O-O Nbd7 13. Kh1 Rac8 14. b4 Qb8 15.
Nb3 Bd8 16. Rfd1 Bc7 17. Bg1 Rfe8 18. Qb2 Ne5 19. Nd4 Qa8 20. Qb3 Kh8 21. Na4
g5 22. c5 b5 23. Nb2 dxc5 24. Rxc5 g4 25. Nd3 gxf3 26. Nxf3 Nxf3 27. Bxf3 Qb8
28. Re1 Re7 29. Bf2 Nd7 30. Rh5 f6 31. Nc5 Nxc5 32. Bxc5 Ree8 33. Bg4 f5 34.
Bxf5 Bd5 35. Rxh7+ Kg8 36. Qh3 exf5 37. Rh8+ Kf7 38. Qh7+ Kf6 39. Qxf5+ Kg7 40.
Rh7+ Kg8 41. Qg6# 1-0

[Event "10. University wch masculino"]
[Site "Novokuznetsk RUS"]
[Date "2008.03.03"]
[Round "1.6"]
[White "Filippov, Anton"]
[Black "Noroozi, Omid"]
[Result "1/2-1/2"]
[WhiteElo "2502"]
[BlackElo "2222"]
[PlyCount "75"]
[EventDate "2008.03.03"]
[EventType "swiss"]
[EventRounds "9"]
[EventCountry "RUS"]
[Source "lmi"]
[SourceDate "2008.03.03"]

1. e4 c5 2. Nf3 d6 3. d4 cxd4 4. Nxd4 Nf6 5. Nc3 a6 6. Be3 e5 7. Nb3 Be7 8. f3
O-O 9. Qd2 Be6 10. O-O-O a5 11. Qe1 Qc8 12. a4 Na6 13. g4 Nb4 14. Kb1 Bc4 15.
h4 b5 16. axb5 Bxf1 17. Rxf1 a4 18. Nc1 a3 19. Rf2 axb2 20. Kxb2 d5 21. exd5
Rd8 22. Bb6 Rd6 23. Qxe5 Rxb6 24. Qxe7 Qxc3+ 25. Kxc3 Nbxd5+ 26. Kb3 Nxe7 27.
c4 Rb7 28. Rfd2 Nc6 29. Rd6 Na5+ 30. Kb4 Ne8 31. R6d5 Nc6+ 32. Kc5 Na5 33. Kb4
Nc6+ 34. Kc5 Na5 35. Kb4 Nc6+ 36. Kc5 Na5 37. Kb4 Nc6+ 38. Kc5 1/2-1/2

[Event "10. University wch masculino"]
[Site "Novokuznetsk RUS"]
[Date "2008.03.03"]
[Round "1.7"]
[White "Bilegt, Batkhorol"]
[Black "Liang, Chong"]
[Result "0-1"]
[WhiteElo "2211"]
[BlackElo "2488"]
[PlyCount "82"]
[EventDate "2008.03.03"]
[EventType "swiss"]
[EventRounds "9"]
[EventCountry "RUS"]
[Source "lmi"]
[SourceDate "2008.03.03"]

1. e4 e5 2. Nf3 Nc6 3. d4 exd4 4. Bc4 Bc5 5. c3 d3 6. O-O d6 7. Qxd3 Nf6 8. e5
dxe5 9. Qxd8+ Kxd8 10. b4 Bb6 11. Ng5 Rf8 12. b5 Na5 13. Ba3 Nxc4 14. Bxf8 Ke8
15. Bxg7 Nh5 16. Bh6 a6 17. bxa6 Rxa6 18. Nf3 Ba7 19. Bc1 e4 20. Nfd2 Ne3 21.
Nxe4 Nc2 22. Bb2 Nxa1 23. Na3 Bf5 24. Nb5 Rxa2 25. Nxa7 Bxe4 26. Bxa1 Rxa7 27.
c4 Bd3 28. Re1+ Kf8 29. Be5 Bxc4 30. Bxc7 Ra6 31. g4 Nf6 32. h3 b5 33. Bf4 Nd5
34. Bd2 b4 35. Re4 Rc6 36. Re5 b3 37. Bc1 Ra6 38. Kg2 f6 39. Re4 Ra4 40. Kg3
Kf7 41. Rd4 Nc3 0-1

[Event "10. University wch masculino"]
[Site "Novokuznetsk RUS"]
[Date "2008.03.03"]
[Round "1.8"]
[White "Alavi, Sayed Javad"]
[Black "Kojima, Shinya"]
[Result "1-0"]
[WhiteElo "2461"]
[BlackElo "2205"]
[PlyCount "147"]
[EventDate "2008.03.03"]
[EventType "swiss"]
[EventRounds "9"]
[EventCountry "RUS"]
[Source "lmi"]
[SourceDate "2008.03.03"]

1. e4 c5 2. Nf3 Nc6 3. d4 cxd4 4. Nxd4 Nf6 5. Nc3 e5 6. Ndb5 d6 7. Bg5 a6 8.
Na3 b5 9. Nd5 Be7 10. Bxf6 Bxf6 11. c4 b4 12. Nc2 O-O 13. Be2 a5 14. O-O Bg5
15. Qd3 Be6 16. Rad1 Bxd5 17. Qxd5 Qb6 18. b3 Rfd8 19. g3 a4 20. Qb5 Qc5 21.
Rd5 Qxb5 22. cxb5 axb3 23. axb3 Ne7 24. Rdd1 Ra2 25. Bd3 Rb2 26. Nxb4 Rxb3 27.
Rb1 Rxb1 28. Rxb1 Rb8 29. Ra1 Kf8 30. Bc4 Bd2 31. Nc6 Nxc6 32. bxc6 Rc8 33. Ra7
Rxc6 34. Rxf7+ Ke8 35. Bd5 Rc1+ 36. Kg2 Bh6 37. h4 Rd1 38. Rb7 Rd2 39. Kf3 Rd3+
40. Kg4 Rd2 41. Kf3 Rd3+ 42. Kg4 Rd2 43. f3 Rg2 44. h5 Kd8 45. Kh3 Rf2 46. Rf7
Rc2 47. Kg4 Rc7 48. Rf5 Ke8 49. Bg8 g6 50. hxg6 hxg6 51. Rf6 Bf8 52. Rxg6 Rg7
53. Kf5 Rxg6 54. Kxg6 Be7 55. Kf5 Kf8 56. Ke6 Bd8 57. Bh7 Bc7 58. Bg6 Kg7 59.
Be8 Bb8 60. Ke7 Kg8 61. f4 exf4 62. gxf4 Ba7 63. f5 Bc5 64. Bf7+ Kh7 65. Bd5
Be3 66. Kxd6 Kg7 67. e5 Kf8 68. f6 Bd4 69. Ke6 Bc5 70. Kf5 Bb4 71. e6 Bd6 72.
Bf3 Ba3 73. Bh5 Bb4 74. Ke4 1-0

[Event "10. University wch masculino"]
[Site "Novokuznetsk RUS"]
[Date "2008.03.03"]
[Round "1.10"]
[White "Zhumabayev, Rinat"]
[Black "Wyss, Jonas"]
[Result "1-0"]
[WhiteElo "2436"]
[BlackElo "2181"]
[PlyCount "55"]
[EventDate "2008.03.03"]
[EventType "swiss"]
[EventRounds "9"]
[EventCountry "RUS"]
[Source "lmi"]
[SourceDate "2008.03.03"]

1. d4 f5 2. g3 Nf6 3. Bg2 g6 4. c4 Bg7 5. Nh3 d6 6. O-O Nc6 7. d5 Ne5 8. Nd2
O-O 9. b3 Rb8 10. Bb2 Nf7 11. Nf4 b5 12. Qc2 Bd7 13. Rac1 Qc8 14. cxb5 g5 15.
Nd3 Bxb5 16. Qxc7 Bxd3 17. Qxc8 Rfxc8 18. exd3 Ne5 19. Bxe5 dxe5 20. Nc4 Ne8
21. Ne3 Nd6 22. Rc6 f4 23. Nc4 Nb5 24. Re6 Nc3 25. Rxe7 Nxa2 26. Ra1 Nb4 27.
Bh3 Kf8 28. Raxa7 1-0

[Event "10. University wch masculino"]
[Site "Novokuznetsk RUS"]
[Date "2008.03.03"]
[Round "1.11"]
[White "Widmer, Simon"]
[Black "Batchuluun, Cegmed"]
[Result "0-1"]
[WhiteElo "2176"]
[BlackElo "2432"]
[PlyCount "80"]
[EventDate "2008.03.03"]
[EventType "swiss"]
[EventRounds "9"]
[EventCountry "RUS"]
[Source "lmi"]
[SourceDate "2008.03.03"]

1. e4 e6 2. d4 d5 3. Nc3 Nf6 4. e5 Nfd7 5. f4 c5 6. Nf3 Nc6 7. Be3 cxd4 8. Nxd4
Bc5 9. Qd2 O-O 10. O-O-O a6 11. Nb3 b6 12. Qf2 Qe7 13. Bd3 Bb7 14. Kb1 Bxe3 15.
Qxe3 Nc5 16. Rhe1 d4 17. Nxd4 Nxd4 18. Qxd4 Bxg2 19. Rg1 Bc6 20. f5 exf5 21.
Bxf5 Rad8 22. Qf4 Rxd1+ 23. Rxd1 Re8 24. Re1 g6 25. Bg4 Ne6 26. Qc4 Qc5 27.
Qxa6 b5 28. Bxe6 Ra8 29. Qxa8+ Bxa8 30. Bb3 b4 31. Nd1 Bd5 32. Ba4 Qd4 33. Bb3
Qd2 34. Rf1 Qe2 35. Rg1 Qxh2 36. Re1 Qd2 37. Rg1 Bxb3 38. axb3 Kg7 39. c3 h5
40. cxb4 h4 0-1

[Event "10. University wch masculino"]
[Site "Novokuznetsk RUS"]
[Date "2008.03.03"]
[Round "1.12"]
[White "Pokazanjev, Nikolai"]
[Black "Viela, Marco"]
[Result "1-0"]
[WhiteElo "2405"]
[BlackElo "2161"]
[PlyCount "75"]
[EventDate "2008.03.03"]
[EventType "swiss"]
[EventRounds "9"]
[EventCountry "RUS"]
[Source "lmi"]
[SourceDate "2008.03.03"]

1. e4 e5 2. Nf3 Nc6 3. Bb5 a6 4. Ba4 Nf6 5. O-O Be7 6. Re1 b5 7. Bb3 O-O 8. h3
d6 9. c3 Na5 10. Bc2 c5 11. d4 Qc7 12. d5 Rb8 13. b3 c4 14. b4 Nb7 15. a4 bxa4
16. Bxa4 a5 17. Bc6 axb4 18. cxb4 Bd7 19. Qa4 Qc8 20. Nfd2 c3 21. Nxc3 Nh5 22.
Bxd7 Qxc3 23. Ra3 Qc7 24. Qc6 Bd8 25. Nc4 Nf6 26. Qxc7 Bxc7 27. Bc6 Nd8 28. b5
Nxc6 29. bxc6 Rb4 30. Rc3 Ra8 31. f3 Ra2 32. f4 exf4 33. Bxf4 Ne8 34. e5 dxe5
35. Bxe5 Bxe5 36. Rxe5 Kf8 37. d6 Rb1+ 38. Kh2 1-0

[Event "10. University wch masculino"]
[Site "Novokuznetsk RUS"]
[Date "2008.03.03"]
[Round "1.13"]
[White "Castro, Francisco"]
[Black "Moosavian, S.Hamed"]
[Result "0-1"]
[WhiteElo "2152"]
[BlackElo "2349"]
[PlyCount "148"]
[EventDate "2008.03.03"]
[EventType "swiss"]
[EventRounds "9"]
[EventCountry "RUS"]
[Source "lmi"]
[SourceDate "2008.03.03"]

1. e4 e6 2. d4 d5 3. Nd2 c5 4. exd5 exd5 5. Bb5+ Nc6 6. Ngf3 Bd6 7. O-O Nge7 8.
dxc5 Bxc5 9. Nb3 Bd6 10. c3 Bg4 11. Be2 Bc7 12. Nfd4 Qd6 13. g3 Bxe2 14. Qxe2
Qf6 15. Qf3 Qg6 16. Bf4 Bxf4 17. Qxf4 O-O 18. Rfe1 Rfd8 19. Re2 Qh5 20. Qf3 Qh3
21. Rae1 Ng6 22. Qf5 Qxf5 23. Nxf5 Kf8 24. Kg2 b6 25. h4 h5 26. Nfd4 Nxd4 27.
Nxd4 Rd7 28. Nc6 f6 29. f4 Rc8 30. Nd4 Kf7 31. Kf3 Ne7 32. Re6 Ng6 33. Rc6 Rxc6
34. Nxc6 Ne7 35. Nxe7 Rxe7 36. Rd1 Ke6 37. Re1+ Kd6 38. Rd1 b5 39. Rd4 Re1 40.
Rb4 Kc5 41. a4 a6 42. axb5 axb5 43. Rd4 Rf1+ 44. Kg2 Rb1 45. b4+ Kd6 46. Kf3
Ke6 47. Rd3 Rf1+ 48. Ke2 Rc1 49. Ke3 Re1+ 50. Kf2 Rb1 51. Ke3 Rb3 52. Kd2 Ra3
53. Ke3 Ra7 54. Kf3 Rd7 55. g4 hxg4+ 56. Kxg4 Rc7 57. f5+ Kd6 58. Kh5 Rc4 59.
Rg3 Ke5 60. Rxg7 Kxf5 61. Rd7 Ke6 62. Rb7 Rxc3 63. Rxb5 Rg3 64. Rb8 d4 65. Rd8
Ke5 66. b5 Rb3 67. Kg6 Rxb5 68. Re8+ Kf4 69. Kxf6 Rh5 70. Rd8 Ke3 71. Rg8 Rxh4
72. Rg3+ Kf4 73. Rd3 Rh6+ 74. Kg7 Rd6 0-1

[Event "10. University wch masculino"]
[Site "Novokuznetsk RUS"]
[Date "2008.03.04"]
[Round "2.1"]
[White "Bocharov, Dmitry"]
[Black "Zhumabayev, Rinat"]
[Result "1-0"]
[WhiteElo "2600"]
[BlackElo "2436"]
[PlyCount "111"]
[EventDate "2008.03.03"]
[EventType "swiss"]
[EventRounds "9"]
[EventCountry "RUS"]
[Source "lmi"]
[SourceDate "2008.03.03"]

1. d4 Nf6 2. c4 e6 3. Nc3 Bb4 4. Qc2 c5 5. dxc5 O-O 6. a3 Bxc5 7. Nf3 b6 8. Bf4
Nc6 9. Rd1 Bb7 10. b4 Be7 11. e4 Nh5 12. Be3 d6 13. Be2 Qb8 14. O-O Nf6 15. Nd2
Rc8 16. h3 a5 17. Qb3 Ne5 18. f4 Ned7 19. f5 exf5 20. Rxf5 axb4 21. axb4 Qa7
22. Bd4 Qa3 23. Qb1 Ne5 24. b5 Nfd7 25. Kh1 g6 26. Rff1 Bg5 27. Nf3 Bf6 28. Ne1
Bg7 29. Nc2 Qa7 30. Ne3 Nc5 31. Ncd5 Bxd5 32. Nxd5 Qb7 33. Qc2 Ra3 34. Bb2 Raa8
35. Rf4 Kh8 36. Rdf1 Rf8 37. Qd2 Ra2 38. Nc3 Nb3 39. Qc2 Nd4 40. Qb1 Raa8 41.
Bd3 Ne6 42. R4f2 Nc5 43. Be2 Na4 44. Nxa4 Rxa4 45. Qd1 Ra2 46. Bc3 Qc7 47. Qd5
Rc2 48. Bd4 Kg8 49. Be3 Rc3 50. Bd4 Rc2 51. Be3 Rc3 52. Bd2 Rb3 53. c5 Rb2 54.
c6 Rd8 55. Bc3 Rxe2 56. Rxe2 1-0

[Event "10. University wch masculino"]
[Site "Novokuznetsk RUS"]
[Date "2008.03.04"]
[Round "2.3"]
[White "Lysyj, Igor"]
[Black "Pokazanjev, Nikolai"]
[Result "1-0"]
[WhiteElo "2593"]
[BlackElo "2405"]
[PlyCount "111"]
[EventDate "2008.03.03"]
[EventType "swiss"]
[EventRounds "9"]
[EventCountry "RUS"]
[Source "lmi"]
[SourceDate "2008.03.03"]

1. d4 d5 2. c4 c6 3. Nf3 Nf6 4. e3 a6 5. Bd3 Bg4 6. Nbd2 e6 7. Qc2 Nbd7 8. b3
Bd6 9. Bb2 Bh5 10. Ne5 Bc7 11. O-O Bg6 12. Nxg6 hxg6 13. g3 Ng4 14. Nf3 Qf6 15.
Kg2 O-O-O 16. h4 Rh5 17. Qe2 Rdh8 18. Rh1 Qe7 19. Rac1 Kb8 20. Ng5 Nh6 21. cxd5
exd5 22. e4 f6 23. Nf3 Ng4 24. exd5 Qxe2 25. Bxe2 Rxd5 26. Bc4 Nb6 27. Bxd5
Nxd5 28. Rhe1 Kc8 29. Re4 Nh6 30. Ne1 Kd7 31. Nd3 b6 32. Bc3 Bd6 33. Bd2 Nf5
34. a4 a5 35. Rc2 Nfe7 36. Nb2 f5 37. Re1 f4 38. Nc4 fxg3 39. Nxd6 Kxd6 40.
fxg3 Nf5 41. Re4 Kd7 42. Bg5 Nd6 43. Re1 Rf8 44. Rce2 Nf5 45. Re4 Nc3 46. Re7+
Nxe7 47. Rxe7+ Kd6 48. Rxg7 Kd5 49. Rxg6 Ne4 50. Be3 Nf6 51. Bh6 Rf7 52. Rg7
Rxg7 53. Bxg7 Ne4 54. g4 Nd2 55. h5 Ke6 56. Be5 1-0

[Event "10. University wch masculino"]
[Site "Novokuznetsk RUS"]
[Date "2008.03.04"]
[Round "2.4"]
[White "Batchuluun, Cegmed"]
[Black "Maletin, Pavel"]
[Result "0-1"]
[WhiteElo "2432"]
[BlackElo "2573"]
[PlyCount "102"]
[EventDate "2008.03.03"]
[EventType "swiss"]
[EventRounds "9"]
[EventCountry "RUS"]
[Source "lmi"]
[SourceDate "2008.03.03"]

1. d4 Nf6 2. c4 e6 3. g3 Bb4+ 4. Bd2 a5 5. Bg2 d5 6. Nf3 dxc4 7. Qc2 Ra6 8.
Bxb4 axb4 9. Qxc4 Rc6 10. Qb5 Bd7 11. O-O Rb6 12. Qg5 O-O 13. Re1 h6 14. Qc1
Bc6 15. Nbd2 Ne4 16. Nc4 Ra6 17. Qc2 b5 18. Ncd2 Nxd2 19. Qxd2 Bxf3 20. Bxf3 c5
21. d5 e5 22. a3 bxa3 23. Rxa3 Qd6 24. Rea1 Rxa3 25. Rxa3 Na6 26. Qa5 Nc7 27.
Qa7 Ra8 28. Qxc7 Qxc7 29. Rxa8+ Kh7 30. Ra6 Qd7 31. d6 g6 32. Rc6 c4 33. Bd5 h5
34. h4 Kh6 35. e4 f6 36. Kg2 g5 37. f3 g4 38. f4 exf4 39. gxf4 b4 40. Rxc4 Qxd6
41. Rc2 Qxf4 42. Rf2 Qe5 43. Bc6 Kg7 44. Bd5 Qd4 45. b3 Qe3 46. Ra2 Qf3+ 47.
Kh2 Qh3+ 48. Kg1 Qxh4 49. Rf2 Qg3+ 50. Kf1 h4 51. Rg2 Qf3+ 0-1

[Event "10. University wch masculino"]
[Site "Novokuznetsk RUS"]
[Date "2008.03.04"]
[Round "2.5"]
[White "Liang, Chong"]
[Black "Hindermann, Felix"]
[Result "1/2-1/2"]
[WhiteElo "2488"]
[BlackElo "2307"]
[PlyCount "81"]
[EventDate "2008.03.03"]
[EventType "swiss"]
[EventRounds "9"]
[EventCountry "RUS"]
[Source "lmi"]
[SourceDate "2008.03.03"]

1. d4 Nf6 2. c4 g6 3. Nc3 d5 4. Nf3 Bg7 5. e3 O-O 6. b4 b6 7. Ba3 c5 8. Rc1
cxd4 9. exd4 Bh6 10. Rc2 Bf5 11. Bd3 Bxd3 12. Qxd3 dxc4 13. Qxc4 a6 14. b5 axb5
15. Nxb5 Qd5 16. O-O Qxc4 17. Rxc4 Nd5 18. Re1 Ra5 19. Nc3 Rxa3 20. Nxd5 e6 21.
Nxb6 Rxa2 22. g3 Ra7 23. Nc8 Rb7 24. Nd6 Ra7 25. Rb1 Nd7 26. Nc8 Ra8 27. Ne7+
Kg7 28. Rc7 Nf6 29. Ne5 Ne8 30. Rd7 Bg5 31. N7c6 Nf6 32. Rdb7 Bd2 33. R1b2 Bh6
34. R2b3 Bd2 35. Rd3 Bc1 36. Rc3 Bd2 37. Rf3 h5 38. Nd7 Nxd7 39. Rxd7 Bg5 40.
Rd6 Ra6 41. d5 1/2-1/2

[Event "10. University wch masculino"]
[Site "Novokuznetsk RUS"]
[Date "2008.03.04"]
[Round "2.7"]
[White "Akhanov, Dauren"]
[Black "Filippov, Anton"]
[Result "0-1"]
[WhiteElo "2135"]
[BlackElo "2502"]
[PlyCount "124"]
[EventDate "2008.03.03"]
[EventType "swiss"]
[EventRounds "9"]
[EventCountry "RUS"]
[Source "lmi"]
[SourceDate "2008.03.03"]

1. e4 e5 2. Nf3 Nc6 3. Bb5 a6 4. Ba4 Nf6 5. d3 d6 6. c3 Be7 7. Nbd2 Bg4 8. h3
Bh5 9. Nf1 b5 10. Bc2 d5 11. Ng3 Bg6 12. O-O O-O 13. Qe2 Re8 14. a4 Qd7 15. Bb3
d4 16. Bg5 Rad8 17. axb5 axb5 18. c4 bxc4 19. Ba4 cxd3 20. Qxd3 Qd6 21. Qc4 Na5
22. Qb5 Nxe4 23. Nxe4 Bxe4 24. Qxa5 Bxf3 25. Bxe8 Qg6 26. gxf3 Qxg5+ 27. Kh1
Rxe8 28. Qd5 Qf5 29. Kg2 Bf8 30. Ra8 Qg6+ 31. Kh1 c6 32. Qa2 Qd3 33. Kg2 Qg6+
34. Kh1 Qd3 35. Kg2 Rxa8 36. Qxa8 Qg6+ 37. Kh1 Qe6 38. Kg2 Qg6+ 39. Kh1 Qh6 40.
Kg2 Qd6 41. Rc1 c5 42. Ra1 Qg6+ 43. Kh1 h6 44. Ra6 Qc2 45. Qd5 Qxf2 46. Ra7
Qe1+ 47. Kh2 Qd2+ 48. Kh1 Qc1+ 49. Kg2 Qd2+ 50. Kh1 Qc1+ 51. Kg2 Qf4 52. Ra8
Qg5+ 53. Kf2 Qe7 54. Qc6 Kh7 55. Re8 Qh4+ 56. Ke2 Be7 57. Qd7 Bf6 58. Qxf7 Qxh3
59. Qg8+ Kg6 60. Qd5 Qg2+ 61. Kd3 Qf1+ 62. Kc2 Qe2+ 0-1

[Event "10. University wch masculino"]
[Site "Novokuznetsk RUS"]
[Date "2008.03.04"]
[Round "2.9"]
[White "Gundavaa, Bayarsaihan"]
[Black "Soozankar, A.M."]
[Result "1-0"]
[WhiteElo "2320"]
[BlackElo "2253"]
[PlyCount "115"]
[EventDate "2008.03.03"]
[EventType "swiss"]
[EventRounds "9"]
[EventCountry "RUS"]
[Source "lmi"]
[SourceDate "2008.03.03"]

1. e4 e6 2. d4 d5 3. Nc3 Bb4 4. exd5 exd5 5. Bd3 Nf6 6. Nge2 h6 7. O-O O-O 8.
Bf4 Bd6 9. Qd2 Nc6 10. a3 Bxf4 11. Qxf4 Ne7 12. Rfe1 c6 13. h3 Be6 14. Ng3 Qb8
15. Nce2 Re8 16. Qf3 Ng6 17. Bxg6 fxg6 18. Nf4 Bf7 19. Nd3 Nd7 20. Rxe8+ Qxe8
21. Re1 Qf8 22. Qf4 Rc8 23. h4 Qd8 24. Nf1 Qc7 25. Qxc7 Rxc7 26. Nd2 c5 27. Nf3
cxd4 28. Nxd4 Nb6 29. c3 a6 30. f3 Nc4 31. Re2 Kf8 32. Ne5 Re7 33. Nxc4 dxc4
34. Kf2 Bd5 35. Nc2 b5 36. Rxe7 Kxe7 37. Ke3 Kd6 38. Kd4 g5 39. hxg5 hxg5 40.
Ne3 Be6 41. Nf1 Bd7 42. Ng3 Ke6 43. Ne4 Kf5 44. Nc5 Bc6 45. Nxa6 Kf4 46. Nc7
Kg3 47. Ne6 Kxg2 48. Nxg5 Kg3 49. Ke3 g6 50. f4 Be8 51. Ne4+ Kg2 52. Nd6 Bd7
53. a4 bxa4 54. Nxc4 Kf1 55. Ne5 Be8 56. c4 Ke1 57. c5 Kd1 58. Ke4 1-0

[Event "10. University wch masculino"]
[Site "Novokuznetsk RUS"]
[Date "2008.03.04"]
[Round "2.11"]
[White "Kuderinov, Kirill"]
[Black "Otte, Marijn"]
[Result "1-0"]
[WhiteElo "2416"]
[BlackElo "2192"]
[PlyCount "81"]
[EventDate "2008.03.03"]
[EventType "swiss"]
[EventRounds "9"]
[EventCountry "RUS"]
[Source "lmi"]
[SourceDate "2008.03.03"]

1. e4 c5 2. Nf3 d6 3. d4 cxd4 4. Nxd4 Nf6 5. Nc3 a6 6. Bc4 e6 7. f4 Qc7 8. Bb3
Nc6 9. O-O Nxd4 10. Qxd4 Be7 11. Kh1 O-O 12. a4 Nd7 13. f5 Bf6 14. Qb4 Qc5 15.
Qa3 Qxa3 16. Rxa3 Nc5 17. Ba2 Bxc3 18. Rxc3 Nxe4 19. Rc7 exf5 20. Bd5 Rb8 21.
Bf4 Be6 22. Bxb7 Rfd8 23. b3 Nc5 24. Rxc5 dxc5 25. Bxb8 Rxb8 26. Bxa6 c4 27.
bxc4 Rb4 28. Ra1 Kf8 29. Bb5 Bxc4 30. c3 Rxb5 31. axb5 Bxb5 32. Ra7 Ke8 33. Kg1
Bc4 34. Kf2 g5 35. g3 Bd5 36. Ke3 h5 37. Kd4 Bf3 38. Ke5 f4 39. gxf4 g4 40. f5
h4 41. Kf4 1-0

[Event "10. University wch masculino"]
[Site "Novokuznetsk RUS"]
[Date "2008.03.04"]
[Round "2.12"]
[White "Kojima, Shinya"]
[Black "Battulga, Namhai"]
[Result "1-0"]
[WhiteElo "2205"]
[BlackElo "2306"]
[PlyCount "115"]
[EventDate "2008.03.03"]
[EventType "swiss"]
[EventRounds "9"]
[EventCountry "RUS"]
[Source "lmi"]
[SourceDate "2008.03.03"]

1. Nf3 d5 2. d4 e6 3. c4 c6 4. e3 Nf6 5. Nbd2 Nbd7 6. Bd3 a6 7. O-O dxc4 8.
Nxc4 b5 9. Nce5 Bb7 10. a4 Bd6 11. e4 O-O 12. Bf4 Be7 13. Qe2 Nxe5 14. Bxe5
bxa4 15. Rxa4 Qb6 16. Rc1 a5 17. Nd2 Rfc8 18. Nc4 Qd8 19. Rca1 Bb4 20. Bf4 c5
21. dxc5 Rxc5 22. Be3 Rc6 23. b3 Nd7 24. Rd1 Nc5 25. Bc2 Qh4 26. Raa1 Nxe4 27.
Rd7 Nd6 28. g3 Qf6 29. Rd1 Ba6 30. Bd4 e5 31. Bxe5 Qe6 32. Qh5 h6 33. Bxd6 Bxd6
34. Bf5 Qf6 35. Nxd6 Rf8 36. Nxf7 Bc8 37. R7d5 Qxf7 38. Qxf7+ Kxf7 39. Rxa5 Rc7
40. Rad5 Kf6 41. Bxc8 Rfxc8 42. b4 Rc2 43. Rb1 Ra2 44. Rd3 Rcc2 45. Rf3+ Kg5
46. Re1 Rab2 47. Re5+ Kg6 48. Rf4 Rd2 49. Re6+ Kh5 50. h3 Rd5 51. Kg2 Rb5 52.
Re7 Kg6 53. Rff7 R5xb4 54. Rxg7+ Kf6 55. h4 Rb5 56. g4 h5 57. g5+ Kf5 58. Rgf7+
1-0

[Event "10. University wch masculino"]
[Site "Novokuznetsk RUS"]
[Date "2008.03.04"]
[Round "2.14"]
[White "Wyss, Jonas"]
[Black "Van Eijk, Sander"]
[Result "0-1"]
[WhiteElo "2181"]
[BlackElo "2283"]
[PlyCount "72"]
[EventDate "2008.03.03"]
[EventType "swiss"]
[EventRounds "9"]
[EventCountry "RUS"]
[Source "lmi"]
[SourceDate "2008.03.03"]

1. e4 c5 2. Nf3 Nc6 3. d4 cxd4 4. Nxd4 Nf6 5. Nc3 d6 6. Bg5 e6 7. Qd2 a6 8.
O-O-O Bd7 9. f4 b5 10. Bxf6 gxf6 11. Kb1 Qb6 12. Nxc6 Bxc6 13. f5 h5 14. h4 Rc8
15. Qe1 Be7 16. Bd3 b4 17. Ne2 e5 18. Ng3 Qc5 19. b3 Bf8 20. Qe2 Ke7 21. Bc4
Bh6 22. Rd3 Bb5 23. Bxb5 axb5 24. Rd5 Qa7 25. Qxb5 Rhg8 26. Qxb4 Qc7 27. c4
Rxg3 28. Rhd1 Rb8 29. Qa3 Kf8 30. Rxd6 Kg7 31. Qa4 Rc3 32. Rc6 Qb7 33. Rdd6 Ra8
34. Qb5 Qa7 35. Kb2 Qe3 36. Rd1 Rc1 0-1

[Event "10. University wch masculino"]
[Site "Novokuznetsk RUS"]
[Date "2008.03.04"]
[Round "2.15"]
[White "Van Assendelft, Floris"]
[Black "Castro, Francisco"]
[Result "1-0"]
[WhiteElo "2282"]
[BlackElo "2152"]
[PlyCount "103"]
[EventDate "2008.03.03"]
[EventType "swiss"]
[EventRounds "9"]
[EventCountry "RUS"]
[Source "lmi"]
[SourceDate "2008.03.03"]

1. e4 e6 2. d4 d5 3. e5 c5 4. c3 Nc6 5. Nf3 Qb6 6. a3 Nh6 7. b4 cxd4 8. cxd4
Nf5 9. Bb2 Bd7 10. g4 Nfe7 11. h3 Rc8 12. Bd3 Ng6 13. Qd2 Be7 14. h4 Qd8 15. h5
Nh4 16. Nxh4 Bxh4 17. Qe3 a6 18. Nd2 h6 19. Ke2 Na7 20. Kf3 Bb5 21. Bb1 Ba4 22.
Kg2 Bc2 23. f4 Bxb1 24. Raxb1 Be7 25. Nf3 Rc2+ 26. Kg3 Nc8 27. Qd3 Rc4 28. f5
Kd7 29. Rbc1 b5 30. fxe6+ fxe6 31. Rc2 Rxc2 32. Qxc2 Nb6 33. Rf1 Qe8 34. Ne1
Nc4 35. Bc1 Rf8 36. Rxf8 Qxf8 37. Nf3 Qf7 38. Kg2 Kd8 39. Qh7 Qf8 40. Qg6 Kd7
41. Ne1 Bxb4 42. axb4 Qxb4 43. Nd3 Qc3 44. Nc5+ Kc7 45. Nxe6+ Kb6 46. Nc5+ Ka5
47. Qxa6+ Kb4 48. Qa2 Qxd4 49. Na6+ Kc3 50. Qa1+ Kd3 51. Nb4+ Ke4 52. Qb1+ 1-0